000 00965nam a2200241Ia 4500
003 GCL
008 140319s9999 xx 000 0 ara d
040 _aGCL /
_cGCL
082 0 4 _a937.06
_bس و
100 1 _aجوزيف نسيم يوسف
245 1 0 _aورثة الامبراطورية الرومانية: الغرب الجرمانى العالم الاسلامى - الدولة البيزنطية /
_cجوزيف نسيم يوسف
700 1 _aساليفان، ريتشارد ا.
260 _a[S.N] :
_bمؤسسة شباب الجامعة ،
_c1985
300 _a247 ص
490 _aمكتبة التاريخ الوسيط
_v0
650 0 4 _aالفتوحات الاسلامية
650 0 4 _aالتاريخ الاسلامى
650 0 4 _aالعصور الوسطى
650 0 4 _aحضارة العصور الوسطى
650 0 4 _aالامبراطورية الرومانية
650 0 4 _aالامبراطورية البيزنطية
942 _2ddc
_cBK
999 _c30798
_d30798